Jeden sąsiad danego kraju! #1 - Statystyki

Ogólne statystyki
  • Ten quiz został rozwiązany 428 razy
    94 od ostatniego zresetowania
  • Średni wynik to 14 z 16
Statystyki odpowiedzi
Państwo Jedno sąsiadujące państwo % Poprawnych
Hiszpania Andora | Francja | Maroko | Portugalia
100%
Chile Argentyna | Boliwia | Peru
99%
Słowacja Austria | Czechy | Polska | Ukraina | Węgry
99%
Szwajcaria Austria | Francja | Niemcy | Liechtenstein | Włochy
99%
Holandia Belgia | Francja | Niemcy
99%
Bośnia i Hercegowina Chorwacja | Czarnogóra | Serbia
99%
Stany Zjednoczone Kanada | Meksyk
99%
Łotwa Białoruś | Estonia | Litwa | Rosja
98%
Maroko Algieria | Hiszpania | Mauretania
89%
Oman Arabia Saudyjska | Jemen | Zjednoczone Emiraty Arabskie
88%
Laos Chiny | Kambodża | Tajlandia | Wietnam
87%
Somalia Dżibuti | Etiopia | Kenia
82%
Gujana Brazylia | Surinam | Wenezuela
79%
Eswatini Republika Południowej Afryki | Mozambik
77%
Mauretania Algieria | Mali | Maroko | Senegal
75%
Belize Gwatemala | Meksyk
69%
Nie znaleziono quizów pasujących do podanych kryteriów
Rozkład punktacji
Procent ludzi z każdym wynikiem
Percentyl według liczby udzielonych odpowiedzi
Twoja historia wyników
Nie rozwiązałeś tego quizu od ostatniego zresetowania